000 00472nam a2200181Ia 4500
005 20250923150226.0
008 008 250917s9999 xx 000 0 eng d
037 _aTextual
040 _aDSWL
_beng
_cDSWL
041 _aeng
_2eng
084 _qDSWL
100 _aClark, B
_9843594
245 0 _aGrowing up gifted
_cby B Clark
260 _aLos Angels
_bAngles California State Univ.
_c1992
300 _a587 p.
942 _cTEXL
999 _c1461001
_d1461001